Acta Geographica Universitatis Comenianae
Enregistré dans:
| Format: | Publication en série |
|---|---|
| Langue: | anglais |
| Publié: |
Bratislava
Univerzita Komenského v Bratislave
|
| Tags: |
Pas de tags, Soyez le premier à ajouter un tag!
|
MARC
| LEADER | 00000nas1a2200000 4500 | ||
|---|---|---|---|
| 001 | 0280623 | ||
| 005 | 20250701092128.2 | ||
| 022 | |a 1338-6034 | ||
| 041 | 0 | |a eng | |
| 044 | |a SK | ||
| 245 | 1 | 0 | |a Acta Geographica Universitatis Comenianae |
| 264 | 1 | |a Bratislava |b Univerzita Komenského v Bratislave | |